000
00296nam a22001217a 4500
008
181210b xxu||||| |||| 00| 0 eng d
041
_a
eng
080
_a
510
100
_a
39
101
_a
mat
245
_a
A Course Ordinary And Partial Differential Equations
_c
Zalman.R
942
_2
udc
_c
BK
999
_c
53102
_d
53102